header

Third World Writer: (Record no. 259292)

MARC details
000 -LEADER
fixed length control field 00415nam a22001577a 4500
003 - CONTROL NUMBER IDENTIFIER
control field OSt
005 - DATE AND TIME OF LATEST TRANSACTION
control field 20250124115239.0
008 - FIXED-LENGTH DATA ELEMENTS--GENERAL INFORMATION
fixed length control field 220921b xxu||||| |||| 00| 0 eng d
020 ## - INTERNATIONAL STANDARD BOOK NUMBER
International Standard Book Number xxxxxxx
040 ## - CATALOGING SOURCE
Transcribing agency N/A
100 ## - MAIN ENTRY--PERSONAL NAME
Personal name Nazareth, Peter
245 ## - TITLE STATEMENT
Title Third World Writer:
Remainder of title His Social Responsibility.
260 ## - PUBLICATION, DISTRIBUTION, ETC. (IMPRINT)
Place of publication, distribution, etc Nairobi
Name of publisher, distributor, etc Kenya Literature Bureau
Date of publication, distribution, etc 1978
300 ## - PHYSICAL DESCRIPTION
Extent xxxi, 171 p. ;
Dimensions 22 cm.
942 ## - ADDED ENTRY ELEMENTS (KOHA)
Source of classification or shelving scheme Library of Congress Classification
Koha item type Short Loan Books
Holdings
Withdrawn status Lost status Source of classification or shelving scheme Damaged status Not for loan Collection code Home library Current library Shelving location Date acquired Total Checkouts Full call number Barcode Date last seen Price effective from Koha item type
    Library of Congress Classification     Non-fiction Rongo University Library Rongo University Library General Stacks 21/09/2022   PL 8010.N32 T45 1978 202200204 21/09/2022 21/09/2022 Short Loan Books
    Library of Congress Classification     Non-fiction Rongo University Library Rongo University Library General Stacks 21/09/2022   PL 8010.N32 T45 1978 202200203 21/09/2022 21/09/2022 Short Loan Books

© 2026 Rongo University
Contact us: librarian | system librarian | Rongo university